|
|
|
|
| LEADER |
00000nab a22000005a 4500 |
| 001 |
AR-BbUGT8785 |
| 003 |
AR-BbUGT |
| 005 |
20181220002548.0 |
| 007 |
ta |
| 008 |
081021s1990||||ag |||p |||| 0|||||spa d |
| 040 |
|
|
|a AR-BbUGT
|c AR-BbUGT
|
| 100 |
1 |
|
|a Fernández García, Felipe
|
| 245 |
1 |
3 |
|a La influencia de la ciudad sobre las precipitaciones :
|b el caso de Madrid
|
| 653 |
|
|
|a Clima Urbano
|
| 653 |
|
|
|a Humedad
|
| 653 |
|
|
|a Precipitaciones
|
| 653 |
|
|
|a Madrid
|
| 773 |
0 |
|
|o R1323.44
|g Vol. 51, no. 199 (1990), p. 397-412
|t Estudios Geográficos
|x 0014-1496
|w AR-BbUGT7001
|
| 942 |
|
|
|2 ddc
|c ARTPP
|
| 999 |
|
|
|c 14302
|d 14302
|